Analýza torznej tuhosti a napätí v tenkostenných profiloch

Uložené v:
Podrobná bibliografia
Hlavný autor: Lašáková, Anna (Autor)
Ďalší autori: Chmelko, Vladimír (Vedúci práce)
Médium: Rukopis Kniha
Jazyk:Slovak
Vydavateľské údaje: 2018
Predmet:
On-line prístup:http://is.stuba.sk/zp/portal_zp.pl?podrobnosti=128582
Tagy: Pridať tag
Žiadne tagy, Buďte prvý, kto otaguje tento záznam!

MARC

LEADER 00000ntm a22000003a 4500
001 stuzp70602
003 SK-STU
005 20180820162104.8
007 ta
008 150427s2015----xo-----f-mn---000-0-slo-d
040 |a STU  |b slo 
041 0 |a slo 
100 1 |a Lašáková, Anna  |u 020010  |4 aut  |U SjF Strojnícka fakulta  |T SjF Ústav aplikovanej mechaniky a mechatroniky  |X 82483  |U J0010  |Y 801  |7 82483 
242 0 1 |a Analysis of stiffness in torsion and stresses in thin-walled sections  |y eng 
245 1 0 |a Analýza torznej tuhosti a napätí v tenkostenných profiloch 
260 |c 2018 
650 4 |a Bredtove vzťahy  |2 slo 
650 4 |a uzavreté tenkostenné profily  |2 slo 
650 4 |a moment tuhosti  |2 slo 
650 4 |a modul v krútenní  |2 slo 
650 4 |a Bredt relations  |2 eng 
650 4 |a closed thin-walled profiles  |2 eng 
650 4 |a stiffness moment  |2 eng 
650 4 |a modeuus of twist  |2 eng 
700 1 |a Chmelko, Vladimír  |u 020010  |k Z1  |4 ths  |U SjF Strojnícka fakulta  |T SjF Ústav aplikovanej mechaniky a mechatroniky  |X 2396  |U J0010  |Y 801  |7 A000002396 
856 4 |u http://is.stuba.sk/zp/portal_zp.pl?podrobnosti=128582 
996 |b 284J046894  |c J* 3394/DBP  |l JJSK  |s A  |a 24  |w stuzp70602_0001